000 00849nas a2200241 4500
001 BR9000984
003 BR-BrBNA
005 20231205091821.0
007 ta
008 230509b bl.|||p| |||| 00| 00por d
040 _aBR-BrBNA
_bpor
_cBiblioteca Nacional de Agricultura
041 _a(Pt)
072 _aF01; F62
100 1 _aCunha, G.A.P. da
245 1 _aEficiencia do Ethephon, em mistura com hidroxido de calcio e ureia, na floracao do abacaxi
246 1 _aEfficacy of Ethephon, in combination with calcium hydroxide and urea in pineapple flowering
650 _aABACAXI
650 _aFLORACAO
650 _aESTIMULANTE DE CRESCIMENTO VEGETAL
773 0 _tRevista Brasileira de Fisiologia Vegetal (Brazil)
_xISSN 0103-3131
_g(1989), v. 1(1) p. 51-54
_wBR9000984
909 _a202311
_bLúcia
_c55
_dLúcia Elande
942 _2AGRIS
_n0
_cANA
999 _c127541
_d127541